Encyclopaedia on Gandhi (Record no. 6385)
[ view plain ]
| 000 -LEADER | |
|---|---|
| fixed length control field | 00696nam a2200169Ia 4500 |
| 020 ## - INTERNATIONAL STANDARD BOOK NUMBER | |
| ISBN | 9788126136872 |
| 082 ## - DEWEY DECIMAL CLASSIFICATION NUMBER | |
| Classification number | RR 923.25403 SIN-E |
| 100 ## - MAIN ENTRY--AUTHOR NAME | |
| Personal name | Singh, Ram Ayodhya |
| 245 #0 - TITLE STATEMENT | |
| Title | Encyclopaedia on Gandhi |
| 260 ## - PUBLICATION, DISTRIBUTION, ETC. (IMPRINT) | |
| Place of publication | New Delhi |
| Name of publisher | Anmol Publications |
| Year of publication | 2008 |
| 500 ## - GENERAL NOTE | |
| General note | contents: 10 vols. Vol. 1. (viii, 279p.) - v.2 (viii, 296p.) - v.3 (viii, 287p.) - v.4 (viii, 288p.) - v.5 (viii, 296p.) - v.6 (viii, 288p.) - v.7 (viii, 295p.) - v.8 (viii, 280p.) - v.9 (viii, 271p.) - v.10 (viii, 279p) |
| 650 ## - SUBJECT ADDED ENTRY--TOPICAL TERM | |
| Topical Term | Gandhi, Mohandas Karamchand |
| Form subdivision | Encyclopedias |
| 650 ## - SUBJECT ADDED ENTRY--TOPICAL TERM | |
| Topical Term | Staesmen |
| Form subdivision | Biography |
| Geographic subdivision | India |
| 650 ## - SUBJECT ADDED ENTRY--TOPICAL TERM | |
| Topical Term | Political science |
| Geographic subdivision | India |
| 650 ## - SUBJECT ADDED ENTRY--TOPICAL TERM | |
| Topical Term | India |
| Form subdivision | Politics and government |
| 942 ## - ADDED ENTRY ELEMENTS (KOHA) | |
| Koha item type | Books |
| Source of classification or shelving scheme | Dewey Decimal Classification |
| Withdrawn status | Lost status | Damaged status | Not for loan | Collection code | Home library | Current library | Date acquired | Source of acquisition | Serial Enumeration / chronology | Bill Date | Full call number | Accession Number | Price effective from | Koha item type |
|---|---|---|---|---|---|---|---|---|---|---|---|---|---|---|
| Mahatma Gandhi | NASSDOC Library | NASSDOC Library | 09/02/2009 | UPPAL | V.1 | 2008-12-30 | RR 923.25403 SIN-E | 44987 | 18/04/2019 | Special Collection- M.K. Gandhi, Guru Nanak Dev ji | ||||
| Mahatma Gandhi | NASSDOC Library | NASSDOC Library | 09/02/2009 | UPPAL | V.2 | 2008-12-30 | RR 923.25403 SIN-E | 44988 | 18/04/2019 | Special Collection- M.K. Gandhi, Guru Nanak Dev ji | ||||
| Mahatma Gandhi | NASSDOC Library | NASSDOC Library | 09/02/2009 | UPPAL | V.3 | 2008-12-30 | RR 923.25403 SIN-E | 44989 | 18/04/2019 | Special Collection- M.K. Gandhi, Guru Nanak Dev ji | ||||
| Mahatma Gandhi | NASSDOC Library | NASSDOC Library | 09/02/2009 | UPPAL | V.4 | 2008-12-30 | RR 923.25403 SIN-E | 44990 | 18/04/2019 | Special Collection- M.K. Gandhi, Guru Nanak Dev ji | ||||
| Mahatma Gandhi | NASSDOC Library | NASSDOC Library | 09/02/2009 | UPPAL | V.5 | 2008-12-30 | RR 923.25403 SIN-E | 44991 | 18/04/2019 | Special Collection- M.K. Gandhi, Guru Nanak Dev ji | ||||
| Mahatma Gandhi | NASSDOC Library | NASSDOC Library | 09/02/2009 | UPPAL | V.6 | 2008-12-30 | RR 923.25403 SIN-E | 44992 | 18/04/2019 | Special Collection- M.K. Gandhi, Guru Nanak Dev ji | ||||
| Mahatma Gandhi | NASSDOC Library | NASSDOC Library | 09/02/2009 | UPPAL | V.7 | 2008-12-30 | RR 923.25403 SIN-E | 44993 | 18/04/2019 | Special Collection- M.K. Gandhi, Guru Nanak Dev ji | ||||
| Mahatma Gandhi | NASSDOC Library | NASSDOC Library | 09/02/2009 | UPPAL | V.8 | 2008-12-30 | RR 923.25403 SIN-E | 44994 | 18/04/2019 | Special Collection- M.K. Gandhi, Guru Nanak Dev ji | ||||
| Mahatma Gandhi | NASSDOC Library | NASSDOC Library | 09/02/2009 | UPPAL | V.9 | 2008-12-30 | RR 923.25403 SIN-E | 44995 | 18/04/2019 | Special Collection- M.K. Gandhi, Guru Nanak Dev ji | ||||
| Mahatma Gandhi | NASSDOC Library | NASSDOC Library | 09/02/2009 | UPPAL | V.10 | 2008-12-30 | RR 923.25403 SIN-E | 44996 | 18/04/2019 | Special Collection- M.K. Gandhi, Guru Nanak Dev ji |
